| 000 | 00871nam a2200265 c 4500 | ||
|---|---|---|---|
| 999 |
_c343644 _d343644 |
||
| 003 | BLK | ||
| 005 | 20200423104426.0 | ||
| 008 | 180911b bul|||||r ||||||| ||bul|| | ||
| 010 | _a003305 | ||
| 040 | _aBLK | ||
| 041 |
_aDEU _cBUL |
||
| 080 | _z792(436) | ||
| 100 | 1 |
_aKINDERMANN, Heinz _eпърви автор _915084 |
|
| 245 | 0 | 0 | _aDas Burgtheater |
| 246 | _aErbe und Sendung eines Nationaltheaters | ||
| 260 |
_aWien _bWiener Verlag _c1944 |
||
| 300 |
_a292 с., 10 л _bил. _c19 см |
||
| 380 | _a7 | ||
| 490 |
_aЧастна колекция - Академик Михаил Арнаудов _gДарение - Основен фонд |
||
| 500 | _aАвтограф с текст: Herrn Minister Prof. Arnaudov in herzlicher Verbindlichkeit Heinz Kinderman Juli 1944 | ||
| 655 |
_aИзкуство _9396615 |
||
| 700 | 1 |
_aHeinz Kindermann _9397508 |
|
| 852 |
_aМА 836 _bМА |
||
| 942 |
_cKNG _n0 _s1 |
||
| 944 |
_aCR _c1996 _kValK |
||
| 999 | _d343644 | ||
| 999 | _d343644 | ||
| 999 | _d343644 | ||